005290000a2200181000450024500940000065000160009465000240011065000110013465000110014565000220015665100150017804100130019370000220020670000230022870000220025110000200027377300540029310aPhenological studies of shrub and treelet species in tropical cloud forests of Costa Rica14aFenología14aEspecies forestales14aFlores14aFrutos14aBosques de niebla 4pCosta Rica0 aInglés1 aBaker, Herbert G.1 aFrankie, Gordon W.1 aHaber, William A.1 aKoptur, Suzanne1 tJournal of Tropical Ecology312q323-346d1988g4